guess the laufey song no hints #12 - Statistics

General Stats
  • This quiz has been taken 115 times
    41 since last reset
  • The average score is 133 of 179
Answer Stats
Answer % Correct
a
100%
I
100%
it
95%
my
95%
The
95%
the
95%
you
95%
be
90%
in
90%
me
90%
girl
85%
like
85%
to
85%
her
80%
is
80%
never
80%
what
80%
What
80%
can't
75%
curse
75%
how
75%
I'd
75%
I'm
75%
lover
75%
Oh
75%
on
75%
reckless
75%
see
75%
Thought
75%
way
75%
world
75%
by
70%
day
70%
done
70%
fever
70%
job
70%
Love-struck
70%
mind
70%
Quite
70%
sir
70%
tease
70%
you've
70%
You've
70%
been
65%
found
65%
have
65%
hosting
65%
nowhere
65%
overtime
65%
parties
65%
This
65%
this
65%
vertigo
65%
wait
65%
working
65%
another
60%
begins
60%
causing
60%
countdown
60%
Dream
60%
get
60%
high
60%
movie
60%
running
60%
school
60%
Tokyo
60%
ways
60%
Without
60%
alone
55%
come
55%
cope
55%
creative
55%
down
55%
embarrassing
55%
feelings
55%
independent
55%
lady
55%
means
55%
million
55%
twenty
55%
whole
55%
wrote
55%
you'll
55%
at
50%
become
50%
days
50%
Forced
50%
phone
50%
skyscraper's
50%
twenty-seven
50%
hallucinating
45%
Think
45%
wings
40%
shows
30%
God
25%
No matching quizzes found
Score Distribution
Percent of People with Each Score
Percentile by Number Answered
Your Score History
You have not taken this quiz since the last reset